[Event "Paracin op"]
[Site "Paracin"]
[Date "2009.08.25"]
[Round "8"]
[White "Milosavljevic, Milica"]
[Black "Bozilov, Novica"]
[Result "1-0"]
[WhiteElo "1786"]
[BlackElo "2054"]
[PlyCount "97"]
[EventDate "2009.08.19"]
[EventType "swiss"]
[EventRounds "9"]
[EventCountry "YUG"]
[SourceTitle "CBM 132 Extra"]
[Source "ChessBase"]
[SourceDate "2009.11.03"]
[SourceVersion "1"]
[SourceVersionDate "2009.11.03"]
[SourceQuality "1"]

1. Nc3 e6 2. Nf3 d5 3. e4 dxe4 4. Nxe4 Nf6 5. Nxf6+ Qxf6 6. d4 h6 7. Bd3 b6 8. Be4 c6 9. Ne5 Bb7 10. Qh5 g6 11. Qh3 Bg7 12. 0-0 a5 13. Re1 0-0 14. Bxh6 Bxh6 15. Qxh6 Qg7 16. Qxg7+ Kxg7 17. Re3 Ra7 18. Rc3 c5 19. Bxb7 Rxb7 20. dxc5 bxc5 21. Rxc5 Rxb2 22. Nd3 Rb6 23. Rxa5 Nc6 24. Rc5 Rfb8 25. h3 Nb4 26. Nxb4 Rxb4 27. a4 Rb1+ 28. Rxb1 Rxb1+ 29. Kh2 Ra1 30. a5 Kf6 31. Kg3 Ke7 32. Rc7+ Kf6 33. Rc5 Ke7 34. Kf4 Kd6 35. Rb5 Rc1 36. Rb2 Ra1 37. Rb7 f6 38. Rb6+ Kd7 39. a6 Ra2 40. Rb7+ Kc6 41. Rf7 Rxc2 42. Kg3 f5 43. Rf6 Kd6 44. a7 Ra2 45. Rf7 g5 46. Rg7 Ke5 47. Rb7 Ra4 48. Kf3 Kd4 49. Rb4+ 1-0

[Event "Belgrade Trophy 21st"]
[Site "Obrenovac"]
[Date "2008.12.04"]
[Round "8"]
[White "Bozilov, Novica"]
[Black "Arsic, Djordje"]
[Result "1/2-1/2"]
[WhiteElo "2055"]
[BlackElo "1753"]
[PlyCount "27"]
[EventDate "2008.11.27"]
[EventType "swiss"]
[EventRounds "9"]
[EventCountry "YUG"]
[SourceTitle "CBM 127 Extra"]
[Source "ChessBase"]
[SourceDate "2009.01.08"]
[SourceVersion "2"]
[SourceVersionDate "2009.01.28"]
[SourceQuality "1"]

1. e4 e5 2. Nf3 Nc6 3. Bc4 Nf6 4. d3 Bc5 5. 0-0 d6 6. c3 0-0 7. Bb3 Bg4 8. Be3 Bb6 9. Nbd2 d5 10. Bxb6 axb6 11. h3 Bh5 12. Re1 Re8 13. g4 Bg6 14. g5 1/2-1/2

[Event "Belgrade Trophy 21st"]
[Site "Obrenovac"]
[Date "2008.12.02"]
[Round "6"]
[White "Kolbert, Engelbert"]
[Black "Bozilov, Novica"]
[Result "1-0"]
[WhiteElo "2189"]
[BlackElo "2055"]
[PlyCount "85"]
[EventDate "2008.11.27"]
[EventType "swiss"]
[EventRounds "9"]
[EventCountry "YUG"]
[SourceTitle "CBM 127 Extra"]
[Source "ChessBase"]
[SourceDate "2009.01.08"]
[SourceVersion "2"]
[SourceVersionDate "2009.01.28"]
[SourceQuality "1"]

1. Nf3 Nf6 2. g3 b6 3. Bg2 Bb7 4. d3 e6 5. e4 d6 6. 0-0 Be7 7. Nc3 0-0 8. Re1 Nbd7 9. d4 c5 10. d5 e5 11. Nh4 g6 12. Bh6 Re8 13. Qe2 Bf8 14. Bg5 h6 15. Be3 Bg7 16. Rad1 a6 17. a4 Nf8 18. f3 Bc8 19. Qd2 Kh7 20. Rb1 g5 21. Nf5 Bxf5 22. exf5 Qd7 23. Qd3 Rec8 24. g4 c4 25. Qd2 Ng8 26. Bxb6 Qb7 27. Be3 f6 28. Kf2 Nd7 29. h4 Ne7 30. Rh1 Kg8 31. Rh3 Rab8 32. Rbh1 Qxb2 33. hxg5 hxg5 34. Rh7 Nc5 35. Bxg5 Nb3 36. Rxg7+ Kxg7 37. Bxf6+ Kxf6 38. Qh6+ Kf7 39. Qe6+ Kf8 40. Rh8+ Kg7 41. Qh6+ Kf7 42. Qh7+ Kf6 43. Ne4# 1-0

[Event "Belgrade Trophy 21st"]
[Site "Obrenovac"]
[Date "2008.12.01"]
[Round "5"]
[White "Zarkovic, Mila"]
[Black "Bozilov, Novica"]
[Result "0-1"]
[WhiteElo "1839"]
[BlackElo "2055"]
[PlyCount "80"]
[EventDate "2008.11.27"]
[EventType "swiss"]
[EventRounds "9"]
[EventCountry "YUG"]
[SourceTitle "CBM 127 Extra"]
[Source "ChessBase"]
[SourceDate "2009.01.08"]
[SourceVersion "2"]
[SourceVersionDate "2009.01.28"]
[SourceQuality "1"]

1. e4 c5 2. Nf3 e6 3. d4 cxd4 4. Nxd4 Nc6 5. Nc3 Qc7 6. Be2 Nf6 7. 0-0 a6 8. Be3 b5 9. Nxc6 dxc6 10. a3 Bb7 11. f4 Rd8 12. Qe1 c5 13. e5 Nd5 14. Nxd5 Bxd5 15. Qg3 g6 16. Rad1 Be7 17. Bf3 Qc6 18. f5 Bxf3 19. Rxd8+ Bxd8 20. Rxf3 exf5 21. Bh6 Bb6 22. Kh1 c4 23. Rf1 Kd7 24. Rd1+ Kc8 25. Bg5 Re8 26. Bf6 Bc7 27. Qc3 Qe4 28. Re1 Qd5 29. b3 Re6 30. bxc4 Qxc4 31. Qf3 Rc6 32. Re2 Kb8 33. h3 h5 34. Rd2 Qe6 35. Re2 Rc4 36. Qd3 Qc6 37. Rd2 Re4 38. Re2 Rc4 39. Rd2 Rc3 40. Qd4 Rxh3+ 0-1

[Event "Belgrade Trophy 21st"]
[Site "Obrenovac"]
[Date "2008.11.30"]
[Round "4"]
[White "Bozilov, Novica"]
[Black "Sorgic, Dragan"]
[Result "0-1"]
[WhiteElo "2055"]
[BlackElo "2244"]
[PlyCount "94"]
[EventDate "2008.11.27"]
[EventType "swiss"]
[EventRounds "9"]
[EventCountry "YUG"]
[SourceTitle "CBM 127 Extra"]
[Source "ChessBase"]
[SourceDate "2009.01.08"]
[SourceVersion "2"]
[SourceVersionDate "2009.01.28"]
[SourceQuality "1"]

1. e4 d6 2. d4 g6 3. f3 Nf6 4. Be3 c6 5. Qd2 Nbd7 6. Nc3 b5 7. d5 cxd5 8. Nxb5 a6 9. Nc3 dxe4 10. Nxe4 Nxe4 11. Qd5 Rb8 12. Qxe4 Bg7 13. Bc4 Bxb2 14. Rd1 0-0 15. h4 Nf6 16. Qd3 Qa5+ 17. Kf2 Bf5 18. Qe2 Rfc8 19. Nh3 Qb4 20. Bb3 Bxh3 21. Rxh3 a5 22. a4 h5 23. Qd3 Kg7 24. Qd2 Qxd2+ 25. Bxd2 Bc3 26. Be3 Bb4 27. Ke2 e6 28. Bg5 Nd5 29. Rdh1 Bc3 30. g4 Rh8 31. Rd1 Rb4 32. gxh5 Rxh5 33. Bxd5 exd5 34. Rxd5 f6 35. f4 Rc4 36. Rxd6 fxg5 37. fxg5 Rc7 38. Re3 Rxh4 39. Ree6 Rxa4 40. Rxg6+ Kf7 41. Rh6 Bg7 42. Rh7 Rg4 43. Rd5 Kg6 44. Rh1 Rxc2+ 45. Kd3 Rc3+ 46. Kd2 Rg2+ 47. Kd1 Ra3 0-1

[Event "Belgrade Trophy 21st"]
[Site "Obrenovac"]
[Date "2008.11.28"]
[Round "2"]
[White "Bozilov, Novica"]
[Black "Ostojic, Nikola"]
[Result "1/2-1/2"]
[WhiteElo "2055"]
[BlackElo "2398"]
[PlyCount "54"]
[EventDate "2008.11.27"]
[EventType "swiss"]
[EventRounds "9"]
[EventCountry "YUG"]
[SourceTitle "CBM 127 Extra"]
[Source "ChessBase"]
[SourceDate "2009.01.08"]
[SourceVersion "2"]
[SourceVersionDate "2009.01.28"]
[SourceQuality "1"]

1. e4 c5 2. c3 d5 3. exd5 Qxd5 4. d4 Nf6 5. Nf3 g6 6. Na3 a6 7. Bc4 Qe4+ 8. Be3 Be6 9. Bxe6 Qxe6 10. dxc5 Bh6 11. Nc2 Nbd7 12. c6 bxc6 13. 0-0 Bxe3 14. Nxe3 0-0 15. Nd4 Qd6 16. Qe2 c5 17. Nc4 Qc7 18. Nf3 Nd5 19. Rad1 e6 20. Nfe5 N7f6 21. Ng4 Nxg4 22. Qxg4 Rad8 23. h4 Kg7 24. Qe4 Nf6 25. Qe5 Qxe5 26. Nxe5 Rd5 27. Nc4 Rb8 1/2-1/2

[Event "Senta op-B 11th"]
[Site "Senta"]
[Date "2007.07.22"]
[Round "4"]
[White "Posa, Janos"]
[Black "Bozilov, Novica"]
[Result "1/2-1/2"]
[WhiteElo "2040"]
[BlackElo "2052"]
[PlyCount "26"]
[EventDate "2007.07.20"]
[EventType "swiss"]
[EventRounds "9"]
[EventCountry "SRB"]
[SourceTitle "EXT 2023"]
[Source "ChessBase"]
[SourceDate "2022.10.05"]
[SourceVersion "1"]
[SourceVersionDate "2022.10.05"]
[SourceQuality "1"]

1. d4 d5 2. c4 dxc4 3. Nc3 Nf6 4. e4 e6 5. Bxc4 Be7 6. e5 Nd5 7. Nxd5 exd5 8. Bd3 Be6 9. Ne2 Bb4+ 10. Bd2 Bxd2+ 11. Qxd2 0-0 12. 0-0 Bg4 13. f3 h5 1/2-1/2

[Event "Serbia-ch"]
[Site "Vrnjacka Banja"]
[Date "2006.01.30"]
[Round "1"]
[White "Toth, Aleksandar"]
[Black "Bozilov, Novica"]
[Result "1-0"]
[WhiteElo "2302"]
[BlackElo "2023"]
[PlyCount "55"]
[EventDate "2006.01.30"]
[EventType "swiss"]
[EventRounds "9"]
[EventCountry "YUG"]
[SourceTitle "CBM 110 Extra"]
[Source "ChessBase"]
[SourceDate "2006.03.10"]
[SourceVersion "2"]
[SourceVersionDate "2006.03.10"]
[SourceQuality "1"]

1. e4 e5 2. Nf3 Nf6 3. Nxe5 d6 4. Nf3 Nxe4 5. Nc3 Nxc3 6. dxc3 Be7 7. Bf4 0-0 8. Qd2 Nd7 9. 0-0-0 Nc5 10. Be3 Bg4 11. Be2 c6 12. h3 Bxf3 13. Bxf3 Qa5 14. Kb1 Ne6 15. Rhe1 d5 16. g4 b5 17. a3 Qa4 18. Qd3 a5 19. Bc1 Qc4 20. Qxc4 bxc4 21. Bg2 Rfb8 22. Ka2 Rb7 23. f4 Rab8 24. f5 Nc5 25. Re2 Bd6 26. Rde1 Kf8 27. f6 Na4 28. Re8+ 1-0

[Event "IECG CB.2003.0.00098 email"]
[Site "IECG email"]
[Date "2003.11.02"]
[Round "?"]
[White "Bozilov, Novica"]
[Black "Kuhn, Christian Helmut"]
[Result "0-1"]
[WhiteElo "1849"]
[BlackElo "1848"]
[PlyCount "20"]
[EventDate "2003.11.02"]
[EventType "tourn (corr)"]
[EventRounds "6"]
[SourceTitle "Corr 2008"]
[Source "ChessBase"]
[SourceDate "2008.06.24"]
[SourceVersion "1"]
[SourceVersionDate "2008.06.24"]
[SourceQuality "1"]

1. g3 d5 2. Bg2 e5 3. d3 c5 4. Nf3 Nc6 5. 0-0 f6 6. e4 d4 7. Nh4 Be6 8. f4 Qd7 9. f5 Bf7 10. b3 g5 0-1

[Event "IECG CB.2003.0.00098 email"]
[Site "IECG email"]
[Date "2003.11.02"]
[Round "?"]
[White "Bozilov, Novica"]
[Black "Ottaviani, Mauro"]
[Result "0-1"]
[WhiteElo "1849"]
[BlackElo "1942"]
[PlyCount "30"]
[EventDate "2003.11.02"]
[EventType "tourn (corr)"]
[EventRounds "6"]
[SourceTitle "Corr 2008"]
[Source "ChessBase"]
[SourceDate "2008.06.24"]
[SourceVersion "1"]
[SourceVersionDate "2008.06.24"]
[SourceQuality "1"]

1. c3 e5 2. d4 exd4 3. cxd4 d5 4. Bf4 Nf6 5. Nc3 Be7 6. e3 c6 7. Bd3 Nbd7 8. Nf3 0-0 9. Qc2 Re8 10. 0-0 Nf8 11. Bg5 h6 12. Bxf6 Bxf6 13. b4 Qd6 14. Rab1 Bg4 15. Na4 Bxf3 0-1

[Event "IECG CB.2003.0.00088 email"]
[Site "IECG email"]
[Date "2003.10.12"]
[Round "?"]
[White "Starace, Umberto"]
[Black "Bozilov, Novica"]
[Result "1-0"]
[WhiteElo "1854"]
[BlackElo "1812"]
[PlyCount "23"]
[EventDate "2003.08.03"]
[EventType "tourn (corr)"]
[EventRounds "6"]
[SourceTitle "Corr 2008"]
[Source "ChessBase"]
[SourceDate "2008.06.24"]
[SourceVersion "1"]
[SourceVersionDate "2008.06.24"]
[SourceQuality "1"]

1. e4 c5 2. Nf3 d6 3. d4 cxd4 4. Nxd4 Nf6 5. Nc3 Nc6 6. Bg5 e5 7. Bxf6 gxf6 8. Nf5 Bxf5 9. exf5 a6 10. Bc4 h5 11. Qd5 Qc7 12. Ne4 1-0

[Event "IECG WC.2006.P.00006 email"]
[Site "IECG email"]
[Date "2003.01.22"]
[Round "?"]
[White "Shields, Glen D"]
[Black "Bozilov, Novica"]
[Result "1/2-1/2"]
[WhiteElo "2021"]
[BlackElo "1784"]
[PlyCount "69"]
[EventDate "2003.01.22"]
[EventType "tourn (corr)"]
[EventRounds "10"]
[SourceTitle "Corr 2008"]
[Source "ChessBase"]
[SourceDate "2008.06.24"]
[SourceVersion "1"]
[SourceVersionDate "2008.06.24"]
[SourceQuality "1"]

1. e4 e5 2. Nf3 Nc6 3. Bb5 a6 4. Ba4 Nf6 5. 0-0 Be7 6. Re1 b5 7. Bb3 0-0 8. a4 Bb7 9. d3 Nd4 10. Nxd4 exd4 11. e5 Ne8 12. Qg4 c5 13. axb5 axb5 14. Rxa8 Bxa8 15. c3 dxc3 16. Nxc3 d5 17. Nxb5 Qb6 18. Ba4 Bc6 19. Nc3 Nc7 20. Bxc6 Qxc6 21. f4 f6 22. Qh3 fxe5 23. fxe5 Ne6 24. Qg4 c4 25. dxc4 dxc4 26. Kh1 Bb4 27. h3 Bxc3 28. bxc3 Qd5 29. Ba3 Rf4 30. Qg3 Qb7 31. Kh2 Qb3 32. Ra1 Qb7 33. Bb4 Rf5 34. Bd6 Rf4 35. Kg1 1/2-1/2

[Event "IECG QB.2002.0.00029 email"]
[Site "IECG email"]
[Date "2002.12.07"]
[Round "?"]
[White "Bozilov, Novica"]
[Black "Marshall, Dan"]
[Result "1-0"]
[WhiteElo "1788"]
[BlackElo "1978"]
[PlyCount "75"]
[EventDate "2002.12.07"]
[EventType "tourn (corr)"]
[EventRounds "6"]
[SourceTitle "Corr 2024"]
[Source "ChessBase"]
[SourceDate "2023.10.19"]
[SourceVersion "1"]
[SourceVersionDate "2023.10.19"]
[SourceQuality "1"]

1. e4 e6 2. d3 d5 3. Nd2 c5 4. Ngf3 Nc6 5. g3 Bd6 6. Bg2 Nge7 7. 0-0 0-0 8. Nh4 Qc7 9. f4 f6 10. c3 Bd7 11. Re1 b5 12. exd5 exd5 13. Qh5 g6 14. Qd1 Rab8 15. c4 bxc4 16. dxc4 d4 17. Ne4 Nf5 18. Nf3 Be7 19. b3 a5 20. Ba3 Nb4 21. Bxb4 axb4 22. Bh3 Ne3 23. Rxe3 Bxh3 24. Re2 Rf7 25. Nf2 Bc8 26. Qd2 Bb7 27. Qd3 Qc6 28. Rae1 Bf8 29. Kg2 Ra8 30. f5 g5 31. Re6 Qc7 32. Qe2 Qa5 33. Ra1 Bc8 34. Ng4 Ra6 35. Re8 Bb7 36. Nh6+ Kg7 37. Nxf7 g4 38. N7e5 1-0